Statistics for Sweet Transvestite - Rocky Horror Picture Show Lyrics

Click here to take the quiz!

General Stats

  • This quiz has been taken 165 times
  • The average score is 42 of 51

Answer Stats

Answer % Correct
How do {you} do
100%
Don't judge a book by its {cover}
98%
I'm just a sweet {transvestite}
96%
I'm just a sweet {transvestite}
96%
I see you've met my, faithful, {handyman}
95%
I've been making a {man}
94%
From {Transexual}, Transylvania
94%
By the way I {look}
94%
From {Transexual}, Transylvania
94%
I'm not much of a {man}
94%
By the {light} of day
94%
He thought you were the {candyman}
93%
But by night I'm one hell of a {lover}
93%
{Night}!
88%
Could we use your {phone}?
88%
By the light of the {night}
88%
I'm just a {sweet} transvestite
87%
I'm glad we {caught} you at home
87%
Well you got {caught} with a flat
87%
Let me show you {around}
86%
Why don't you {stay} for the night
86%
Then go back to the {car}
86%
With {blonde} hair and a tan
84%
From Transexual, {Transylvania}
84%
'Cause when you {knocked}
84%
We'll just say {where} we are
83%
We're both in a bit of a {hurry}
83%
You look like you're both pretty {groovy}
83%
We could take in an {old} Steeve Reeves movie
83%
So come up to the {lab}
81%
It'll all seem {alright}
80%
Well how {'bout} that
79%
And he's good for relieving my {tension}
78%
Don't get {strung} out
78%
And see what's on the {slab}
78%
{Bite}!
76%
I'll get you a {Satanic} mechanic
75%
Or {maybe} a bite
75%
I see you {shiver} with antici.....pation
74%
Maybe {play} you a sound
74%
He's just a little {brought} down
74%
I could show you my favorite {obsession}
73%
So I'll remove the {cause}
70%
We don't want to be any {worry}
70%
But not the {symptom}
70%
Or if you want something {visual}
69%
Well {babies} don't you panic
68%
But maybe the {rain}
66%
Isn't really to {blame}
66%
That's not too {abysmal}
63%
{Right}!
58%

Score Distribution

Percentile by Number Answered

Percent of People with Each Score

Your Score History

You have not taken this quiz